Vingt ans d'economie mondiale.

Bibliographic Details
Main Author: Ottenheimer, Jean
Format: Book
Language:French
Published: Paris : M.-T. Genin, [1966]
Subjects:

MARC

Tag First Indicator Second Indicator Subfields
LEADER 00000cam a2200000 4500
001 in00000069078
005 20151008051358.0
008 800430s1966 fr b 00000 fre d
010 |a  67086020  
035 |a (OCoLC)06263524 
035 |9 AAG7506AM 
040 |a RETROCON/NYGG (ZYU)  |c ZYU  |d TXA  |d UtOrBLW 
049 |a TXAM  |c [468437] 
050 0 |a HF1411  |b .O695 
092 |a 332  |b O89v 
100 1 |a Ottenheimer, Jean. 
245 1 0 |a Vingt ans d'economie mondiale. 
264 1 |a Paris :  |b M.-T. Genin,  |c [1966] 
300 |a 514 pages ;  |c 24 cm. 
336 |a text  |b txt  |2 rdacontent 
337 |a unmediated  |b n  |2 rdamedia 
338 |a volume  |b nc  |2 rdacarrier 
504 |a Bibliographical footnotes. 
650 0 |a International economic relations. 
650 0 |a International finance. 
999 |a MARS 
999 f f |s 53864912-1d94-31b7-bf47-9c5c87d79691  |i fd6bbdfc-686f-3028-8823-fce07ef00024  |t 0 
952 f f |p ric  |a Texas A&M University  |b Rellis Campus  |c Joint Library Facility  |d Remote Storage  |t 0  |e HF1411 .O695  |h Library of Congress classification  |i unmediated -- volume  |m A14800726750 
998 f f |a HF1411 .O695  |t 0  |l Remote Storage